000 00951nam a22002297a 4500
005 20140724112501.0
010 _aHIN-102995
020 _c225.00
_a9788188080472
035 _aHN-75341
037 _bDBAD / PUB
082 _a821
100 _aअरूपानंद
245 _aअस्तराग /
_cस्वामी अरूपानंद ;महेंद्र शर्मा द्वारा संपादित
246 _aAstarag
_bby Swami Arupananda
260 _aदिल्ली
_bनेहा प्रकाशन
_c2014
270 _a295, बैंक इंक्लेव, लक्ष्मीनगर
_bदिल्ली
_e110092
_k09868178918
300 _a136पृ.
_c22सेमी (सजिल्द)
650 _aहिन्दी कविताएँ
650 _aHindi Poerty
700 _aशर्मा, महेंद्र
942 _2ddc
_cHN
_h821
_mअरूपा
999 _c87408
_d87408